[Event "Rated Blitz game"]
[Site "?"]
[Date "2021.10.14"]
[Round "?"]
[White "Lantori"]
[Black "Annali-annaliew1979"]
[Result "1-0"]
[WhiteElo "2558"]
[BlackElo "2480"]
[PlyCount "127"]
[EventDate "2021.??.??"]
[EventType "blitz"]

1. e4 e5 2. Nf3 d5 3. exd5 e4 4. Qe2 f5 5. d3 Nf6 6. Nbd2 Be7 7. dxe4 fxe4 8.
Nxe4 Nxe4 9. Qxe4 O-O 10. Be3 Bf5 11. Qc4 Bd6 12. Bd3 Bxd3 13. Qxd3 Nd7 14. Ng5
Nf6 15. Ne6 Qd7 16. Nxf8 Rxf8 17. O-O-O b5 18. Kb1 a5 19. f3 a4 20. g4 b4 21.
Bd4 b3 22. cxb3 axb3 23. Qxb3 Qf7 24. Rhe1 Nd7 25. Re3 Rb8 26. Qc4 Nb6 27. Bxb6
Rxb6 28. Rde1 g6 29. Re8+ Kg7 30. Qd4+ Kh6 31. h4 Qxf3 32. Qe3+ Qxe3 33. R1xe3
Rb5 34. Rd3 Rb4 35. g5+ Kh5 36. Rh8 Kxh4 37. Rxh7+ Kxg5 38. a3 Rb5 39. b4 Kf5
40. Kc2 g5 41. Kb3 g4 42. Rg7 g3 43. Kc4 Rb8 44. Rgxg3 Bxg3 45. Rxg3 Ke4 46.
Rg7 Ra8 47. Rxc7 Rxa3 48. Re7+ Kf5 49. d6 Kf6 50. b5 Ra1 51. Kc5 Rc1+ 52. Kb6
Rd1 53. Kc7 Rc1+ 54. Kd7 Rb1 55. Re2 Rxb5 56. Kd8 Rb3 57. d7 Kf7 58. Re4 Rc3
59. Rf4+ Kg7 60. Ke7 Re3+ 61. Kd6 Rd3+ 62. Ke6 Re3+ 63. Kd5 Rd3+ 64. Rd4 {
Normal} 1-0

[Event "Rated Blitz game"]
[Site "?"]
[Date "2021.10.14"]
[Round "?"]
[White "rafael199"]
[Black "RiskyBlitzer"]
[Result "0-1"]
[WhiteElo "2426"]
[BlackElo "2508"]
[PlyCount "116"]
[EventDate "2021.??.??"]
[EventType "blitz"]

1. e4 e5 2. Nf3 d5 3. exd5 e4 4. Qe2 Nf6 5. Nc3 Be7 6. Ng5 O-O 7. Ngxe4 Nxd5 8.
Nxd5 Qxd5 9. d3 Nc6 10. Be3 Bf5 11. Nc3 Bb4 12. Qd2 Qa5 13. Be2 Ne7 14. O-O Nd5
15. Bd4 c5 16. Be5 f6 17. Bd6 Rfe8 18. Bf3 Nxc3 19. bxc3 Bxc3 20. Qf4 Bxa1 21.
Qxf5 Be5 22. Bxb7 Rad8 23. Bc6 c4 24. Bxe5 Rxe5 25. Qf4 cxd3 26. Qc4+ Kh8 27.
cxd3 Rc5 28. Qe4 Qc7 29. Ba4 Re5 30. Qc4 Qxc4 31. dxc4 h5 32. h3 Rd2 33. Bb3 a5
34. g3 h4 35. Kg2 hxg3 36. Kxg3 a4 37. Bxa4 Rxa2 38. Bc6 Ra3+ 39. f3 g5 40. Bd5
Kg7 41. Rb1 Re7 42. Rb6 Rd3 43. Kg4 Rd4+ 44. Kg3 Kg6 45. Rc6 Rd7 46. Rb6 R4xd5
47. cxd5 Rxd5 48. h4 gxh4+ 49. Kxh4 Rd4+ 50. Kg3 Kg5 51. Rc6 Kg6 52. Rc5 Rd6
53. Rb5 Re6 54. Ra5 Re1 55. Rb5 Rg1+ 56. Kf4 Rc1 57. Kg4 Rc4+ 58. f4 Rc3 {
Time forfeit} 0-1

[Event "Rated Blitz tournament 5WwO5A4j"]
[Site "?"]
[Date "2021.10.14"]
[Round "?"]
[White "ChessDonkey"]
[Black "cuerosky"]
[Result "1-0"]
[WhiteElo "2417"]
[BlackElo "2291"]
[PlyCount "49"]
[EventDate "2021.??.??"]
[EventType "blitz"]

1. e4 e5 2. Nf3 d5 3. exd5 e4 4. Ne5 Qxd5 5. d4 exd3 6. Nxd3 Nf6 7. Nc3 Qd8 8.
Bg5 Be7 9. Qd2 O-O 10. O-O-O Nc6 11. h4 Bf5 12. f3 Nd4 13. Qf2 c5 14. g4 Bd7
15. Ne5 h6 16. Be3 Be6 17. g5 Nd5 18. gxh6 Nxe3 19. Qxe3 Bxh4 20. hxg7 Kxg7 21.
Bd3 Rh8 22. Rdg1+ Kf8 23. Kb1 Qf6 24. Bc4 Bxc4 25. Nd7# {Normal} 1-0

[Event "Rated Blitz game"]
[Site "?"]
[Date "2021.10.14"]
[Round "?"]
[White "Sijavush"]
[Black "ahoramahora"]
[Result "0-1"]
[WhiteElo "2514"]
[BlackElo "2416"]
[PlyCount "80"]
[EventDate "2021.??.??"]
[EventType "blitz"]

1. e4 e5 2. Nf3 d5 3. d4 dxe4 4. Nxe5 Bd6 5. Bc4 Bxe5 6. Qh5 Qe7 7. Qxe5 Qxe5
8. dxe5 Nc6 9. e6 Bxe6 10. Bxe6 fxe6 11. Be3 Nf6 12. Nc3 h6 13. O-O-O Rd8 14.
Nb5 Rd7 15. Nxa7 Nxa7 16. Bxa7 b6 17. c4 Ng4 18. f3 exf3 19. gxf3 Ne5 20. b3
Nc6 21. Bxb6 cxb6 22. Rxd7 Kxd7 23. Rd1+ Kc7 24. Kb2 Rd8 25. Rxd8 Nxd8 26. Kc3
Nc6 27. f4 e5 28. fxe5 Nxe5 29. a4 Nf3 30. h3 h5 31. Kd3 Ng5 32. h4 Nf3 33. Ke4
Nxh4 34. Kf4 Ng6+ 35. Kg5 Kc6 36. b4 Ne5 37. a5 bxa5 38. bxa5 g6 39. Kh4 Kc5
40. a6 Kb6 {Normal} 0-1

[Event "Rated Blitz game"]
[Site "?"]
[Date "2021.10.14"]
[Round "?"]
[White "Trumen_Kapote"]
[Black "RCompany_1"]
[Result "1-0"]
[WhiteElo "2535"]
[BlackElo "2505"]
[PlyCount "61"]
[EventDate "2021.??.??"]
[EventType "blitz"]

1. e4 e5 2. Nf3 d5 3. Nxe5 Bd6 4. d4 dxe4 5. Nc4 Be7 6. Nc3 Nf6 7. Ne3 O-O 8.
Bc4 Nc6 9. d5 Ne5 10. Be2 Re8 11. b3 Bb4 12. Bd2 c6 13. dxc6 Nxc6 14. O-O Nd4
15. Bc4 a6 16. Nxe4 Be7 17. Ng3 b5 18. Bd3 Bb7 19. Bc3 Kh8 20. Bxh7 Nf3+ 21.
gxf3 Nxh7 22. Kg2 Ng5 23. Ne4 Nxe4 24. fxe4 Bxe4+ 25. f3 Qc7 26. fxe4 Qxc3 27.
Qh5+ Kg8 28. Qxf7+ Kh7 29. Rf3 Bh4 30. Qh5+ Kg8 31. Qd5+ {Time forfeit} 1-0

[Event "Rated Blitz game"]
[Site "?"]
[Date "2021.10.14"]
[Round "?"]
[White "LeFisk"]
[Black "GoughPhar"]
[Result "0-1"]
[WhiteElo "2392"]
[BlackElo "2454"]
[PlyCount "82"]
[EventDate "2021.??.??"]
[EventType "blitz"]

1. e4 e5 2. Nf3 d5 3. exd5 e4 4. Qe2 Nf6 5. Nc3 Be7 6. Nd4 O-O 7. b3 Re8 8. Bb2
c5 9. Ndb5 a6 10. d6 Bg4 11. dxe7 Rxe7 12. Qe3 axb5 13. Bxb5 Qd4 14. O-O Qe5
15. d3 Na6 16. dxe4 Nb4 17. Nd5 Nfxd5 18. exd5 Qxe3 19. fxe3 Nxc2 20. Rac1 Nxe3
21. Rfe1 Nxd5 22. Rxe7 Nxe7 23. a4 b6 24. Rf1 Rd8 25. Bc4 Be6 26. Bxe6 fxe6 27.
Rf2 Nf5 28. g4 Ne3 29. Re2 Rd1+ 30. Kf2 Nxg4+ 31. Kg3 Rg1+ 32. Kf4 Nf6 33. Rxe6
Nd5+ 34. Ke5 Nc7 35. Rxb6 Re1+ 36. Kd6 Ne8+ 37. Kd7 Nf6+ 38. Kd8 Re8+ 39. Kc7
Nd5+ 40. Kc6 Nxb6 41. Kxb6 Rb8+ {Time forfeit} 0-1

[Event "Rated Blitz game"]
[Site "?"]
[Date "2021.10.14"]
[Round "?"]
[White "girafik"]
[Black "RCompany_1"]
[Result "0-1"]
[WhiteElo "2569"]
[BlackElo "2487"]
[PlyCount "106"]
[EventDate "2021.??.??"]
[EventType "blitz"]

1. e4 e5 2. Nf3 d5 3. Nxe5 Bd6 4. d4 dxe4 5. Nc3 Bxe5 6. dxe5 Qxd1+ 7. Nxd1 Nc6
8. Bf4 Nge7 9. Bb5 Bd7 10. Nc3 O-O-O 11. O-O-O Ng6 12. Bg5 Rde8 13. Nxe4 Rxe5
14. Bd3 Nb4 15. f4 Nxd3+ 16. cxd3 Ra5 17. h4 h5 18. Rhf1 Bf5 19. Ng3 f6 20. b4
Rd5 21. d4 fxg5 22. fxg5 Bg4 23. Rd2 Rf8 24. Rxf8+ Nxf8 25. Kb2 Ne6 26. Kc3 c6
27. a4 a5 28. b5 cxb5 29. axb5 Rxb5 30. d5 Rc5+ 31. Kb3 Nf4 32. d6 Rd5 33. Rc2+
Kb8 34. Rc7 g6 35. Ne4 Rxd6 36. Re7 Rc6 37. g3 Bd1+ 38. Ka3 b5 39. gxf4 b4+ 40.
Kb2 a4 41. Re5 a3+ 42. Ka2 Rc2+ 43. Ka1 Rc4 44. Rb5+ Kc7 45. Nd2 Rd4 46. Nb1
Bc2 47. f5 Bxf5 48. Ka2 Bxb1+ 49. Kxb1 Kc6 50. Ra5 Rxh4 51. Ra6+ Kb5 52. Rxg6
b3 53. Kc1 Rh1+ {Normal} 0-1

[Event "Rated Blitz tournament FHzjgMMm"]
[Site "?"]
[Date "2021.10.14"]
[Round "?"]
[White "ErvilVilla"]
[Black "Armament_Haki"]
[Result "0-1"]
[WhiteElo "2350"]
[BlackElo "2559"]
[PlyCount "62"]
[EventDate "2021.??.??"]
[EventType "blitz"]

1. e4 e5 2. Nf3 d5 3. Nxe5 Bd6 4. d4 dxe4 5. Nc4 Be7 6. Be2 Nf6 7. O-O O-O 8.
Ne5 Nbd7 9. Nc3 Bd6 10. Nc4 h6 11. Nxd6 cxd6 12. Bf4 Nb6 13. d5 Bf5 14. a4 a6
15. a5 Nc8 16. Qd4 Re8 17. b4 Ne7 18. b5 Ng6 19. Bg3 Ne5 20. bxa6 bxa6 21. Rfb1
Nfd7 22. Nxe4 Bxe4 23. Qxe4 Nc5 24. Qh4 Qc7 25. Bf1 Ng6 26. Qh3 Re4 27. Qf5
Rae8 28. h3 R4e7 29. Rb6 Ne5 30. Rab1 g6 31. Qg4 Nxg4 {Normal} 0-1

[Event "Rated Blitz game"]
[Site "?"]
[Date "2021.10.14"]
[Round "?"]
[White "Puntano"]
[Black "Lorian2514"]
[Result "1-0"]
[WhiteElo "2691"]
[BlackElo "2605"]
[PlyCount "131"]
[EventDate "2021.??.??"]
[EventType "blitz"]

1. e4 e5 2. Nf3 d5 3. Nxe5 Bd6 4. d4 dxe4 5. Nc4 Nf6 6. Nc3 Nc6 7. Bg5 Bf5 8.
Qd2 O-O 9. O-O-O Re8 10. h3 h6 11. Nxd6 Qxd6 12. Bf4 Qd7 13. g4 Bg6 14. Bc4 a6
15. h4 b5 16. Be2 b4 17. Na4 Nxd4 18. Qxd4 Qxa4 19. Bc4 e3 20. Bb3 Qc6 21. Bxe3
Re4 22. Qc5 Qxc5 23. Bxc5 Rxg4 24. Rhg1 h5 25. f3 Rxg1 26. Rxg1 Kh7 27. Bxb4 a5
28. Bc3 Ra6 29. a4 Nd7 30. Bxf7 Nf8 31. Bc4 Ra8 32. Rg5 c6 33. Rxa5 Re8 34. Re5
Ra8 35. a5 Ra7 36. b4 Bf7 37. Bd3+ Kg8 38. Rg5 Be8 39. Re5 Bf7 40. a6 Ne6 41.
Re1 Nc7 42. Bd4 Ra8 43. a7 Nb5 44. Bxb5 cxb5 45. Re5 Bc4 46. Rc5 Be2 47. Rf5
Kh7 48. Kd2 Bc4 49. Re5 Kg6 50. c3 Kf7 51. Ke3 g6 52. Bc5 Rd8 53. Re7+ Kf6 54.
Rb7 Re8+ 55. Kf2 Bd5 56. Rb8 Kf7 57. Kg3 Bc6 58. Kf4 Bd5 59. Rb6 Re6 60. Rxb5
Rf6+ 61. Ke5 Rf5+ 62. Kd6 Bxf3 63. Rb8 Rd5+ 64. Kc7 Rd3 65. Rf8+ Ke6 66. Rxf3 {
Normal} 1-0

[Event "Rated Blitz game"]
[Site "?"]
[Date "2021.10.14"]
[Round "?"]
[White "Corre_por_tu_vida"]
[Black "Fantastic_power06"]
[Result "0-1"]
[WhiteElo "2748"]
[BlackElo "2798"]
[PlyCount "58"]
[EventDate "2021.??.??"]
[EventType "blitz"]

1. e4 e5 2. Nf3 d5 3. exd5 e4 4. Qe2 Nf6 5. d3 Qxd5 6. Nfd2 Nc6 7. Nc3 Qa5 8.
Ndxe4 Be6 9. Bd2 Nd4 10. Qd1 O-O-O 11. Be2 Nxe4 12. Nxe4 Qb6 13. Bc3 f5 14. Ng5
Bd5 15. O-O Bc5 16. Nf3 Nxe2+ 17. Qxe2 Rhe8 18. Qd1 g5 19. b4 Bd6 20. a4 g4 21.
Nd4 Be5 22. Nb5 Bf4 23. Bd2 Be5 24. c4 Bxg2 25. Kxg2 Rxd3 26. Re1 Qc6+ 27. Kg1
Bxh2+ 28. Kxh2 Rh3+ 29. Kg1 Rh1# {Normal} 0-1

[Event "Rated Blitz tournament 5485BpRt"]
[Site "?"]
[Date "2021.10.14"]
[Round "?"]
[White "laurens97"]
[Black "Lur15"]
[Result "0-1"]
[WhiteElo "2522"]
[BlackElo "2394"]
[PlyCount "112"]
[EventDate "2021.??.??"]
[EventType "blitz"]

1. e4 e5 2. Nf3 d5 3. Nc3 dxe4 4. Nxe4 f5 5. Nc3 e4 6. Ng1 Nf6 7. d3 Nc6 8. Bf4
Bb4 9. dxe4 Qxd1+ 10. Rxd1 Nxe4 11. Nge2 Ba5 12. f3 Nf6 13. Ng3 Be6 14. Bd3 Nd5
15. Bd2 g6 16. O-O O-O-O 17. Rfe1 Rhe8 18. Bg5 Nxc3 19. bxc3 Bxc3 20. Re2 Rd7
21. Rb1 Bf7 22. Rxe8+ Bxe8 23. Ne2 Ba5 24. Nf4 Bf7 25. a3 Bb6+ 26. Kf1 Ne5 27.
Re1 Bd4 28. h4 a6 29. a4 c5 30. Be2 Bc4 31. Nd3 Nxd3 32. Bxd3 Bxd3+ 33. cxd3
Bc3 34. Re8+ Kc7 35. h5 b5 36. axb5 axb5 37. Bf4+ Kc6 38. Rc8+ Kd5 39. Rb8 b4
40. h6 Kd4 41. Rb5 Rd5 42. Rb7 Kxd3 43. Rxh7 b3 44. Rb7 Bb4 45. Bc1 Kc2 46. h7
Rd8 47. Rg7 Rh8 48. Bf4 b2 49. Kf2 b1=Q 50. Kg3 Qe1+ 51. Kh3 Qh1+ 52. Kg3 Rxh7
53. Rxh7 Qxh7 54. Bg5 Qh5 55. Kf4 Bd2+ 56. Ke5 Qxg5 {Normal} 0-1

[Event "Rated Blitz tournament WhTiB6BB"]
[Site "?"]
[Date "2021.10.14"]
[Round "?"]
[White "ChessHobbits99"]
[Black "Maltinho"]
[Result "1-0"]
[WhiteElo "2691"]
[BlackElo "2564"]
[PlyCount "73"]
[EventDate "2021.??.??"]
[EventType "blitz"]

1. e4 e5 2. Nf3 d5 3. Nxe5 Bd6 4. d4 dxe4 5. Nc4 Nf6 6. Be2 O-O 7. O-O Nc6 8.
c3 h6 9. Be3 Re8 10. Nbd2 Nd5 11. Qc2 Bf5 12. Rae1 Bh7 13. Bd1 f5 14. Nxd6 Qxd6
15. c4 Ndb4 16. Qb3 Nd3 17. c5+ Qe6 18. d5 Qf7 19. dxc6 Qxb3 20. axb3 bxc6 21.
Re2 Rad8 22. g3 g5 23. f4 exf3 24. Rxf3 Bg6 25. Rf1 Nxb2 26. Bc2 Bh5 27. Ree1
Rxe3 28. Rxe3 Rxd2 29. Bxf5 Bf7 30. Bh7+ Kg7 31. Re7 Kxh7 32. Rexf7+ Kg6 33.
R7f6+ Kh5 34. R1f2 Rd1+ 35. Kg2 Nd3 36. h3 Ne1+ 37. Kh2 {Normal} 1-0

[Event "Rated Blitz tournament 5485BpRt"]
[Site "?"]
[Date "2021.10.14"]
[Round "?"]
[White "laurens97"]
[Black "Lur15"]
[Result "0-1"]
[WhiteElo "2545"]
[BlackElo "2379"]
[PlyCount "78"]
[EventDate "2021.??.??"]
[EventType "blitz"]

1. e4 e5 2. Nf3 d5 3. exd5 e4 4. Qe2 Nf6 5. Nc3 Be7 6. Nxe4 Nxd5 7. d4 O-O 8.
Be3 Re8 9. O-O-O f5 10. Qc4 fxe4 11. Nd2 Be6 12. Qa4 Nb6 13. Qb5 a6 14. Qh5 Bf7
15. Qg4 Nd5 16. Nb3 Nd7 17. Kb1 N7f6 18. Qe2 a5 19. Qd2 a4 20. Nc1 a3 21. c3
axb2 22. Qxb2 c6 23. Nb3 Ba3 24. Qc2 Nxe3 25. fxe3 Bxb3 26. Qxb3+ Kh8 27. Be2
Ra5 28. Rhf1 Be7 29. h3 Qa8 30. g4 Ra3 31. Qb2 Nd5 32. Rc1 Qa5 33. c4 Nc3+ 34.
Rxc3 Rxc3 35. c5 Rxe3 36. Qxb7 Rxe2 37. Qxe7 Qb4+ 38. Kc1 Qb2+ 39. Kd1 Qc2# {
Normal} 0-1

[Event "Rated Blitz game"]
[Site "?"]
[Date "2021.10.14"]
[Round "?"]
[White "CabianoFaruana8"]
[Black "Tristan2020"]
[Result "1-0"]
[WhiteElo "2514"]
[BlackElo "2392"]
[PlyCount "47"]
[EventDate "2021.??.??"]
[EventType "blitz"]

1. e4 e5 2. Nf3 d5 3. exd5 e4 4. Qe2 Nf6 5. d3 Qxd5 6. Nbd2 Be6 7. Nxe4 Nc6 8.
Bf4 O-O-O 9. Nxf6 gxf6 10. Qd2 Bg4 11. Be2 Bb4 12. c3 Rhe8 13. O-O Bd6 14. Bxd6
Qxd6 15. d4 Qe6 16. Rfe1 Qf5 17. h3 Bxh3 18. Nh4 Qe4 19. Qh6 Bxg2 20. Nxg2 Rg8
21. Qh3+ f5 22. Bf3 Qf4 23. Kf1 Na5 24. Nxf4 {Normal} 1-0

[Event "Rated Blitz tournament 5485BpRt"]
[Site "?"]
[Date "2021.10.14"]
[Round "?"]
[White "laurens97"]
[Black "Lur15"]
[Result "1-0"]
[WhiteElo "2538"]
[BlackElo "2381"]
[PlyCount "127"]
[EventDate "2021.??.??"]
[EventType "blitz"]

1. e4 e5 2. Nf3 d5 3. exd5 e4 4. Qe2 Nf6 5. Nc3 Be7 6. Nxe4 O-O 7. d3 Nxd5 8.
Be3 Re8 9. Nc3 Bb4 10. Qd2 f5 11. g3 c5 12. Bg2 Qf6 13. O-O Nxc3 14. bxc3 Bxc3
15. Qc1 Bxa1 16. Qxa1 Qxa1 17. Rxa1 Na6 18. Rb1 Nb4 19. Rb2 b6 20. Ng5 Rb8 21.
a3 Na6 22. Bd5+ Kh8 23. Nf7+ Kg8 24. Ng5+ Kh8 25. Nf7+ Kg8 26. Nd6+ Be6 27.
Nxe8 Rxe8 28. Bxe6+ Rxe6 29. a4 Kf7 30. a5 Ke7 31. axb6 axb6 32. Ra2 Nb4 33.
Ra7+ Kf6 34. Bd2 Nxc2 35. Bc3+ Nd4 36. Rd7 g5 37. Kg2 h5 38. Bxd4+ cxd4 39.
Rxd4 Ke5 40. Rb4 Rd6 41. Rb5+ Rd5 42. Rxb6 Rxd3 43. Rh6 f4 44. Rxh5 f3+ 45. Kh3
Kf5 46. Rh8 Rd2 47. Rf8+ Ke4 48. Re8+ Kf5 49. Rf8+ Ke4 50. Kg4 Rxf2 51. Re8+
Kd5 52. Rf8 Rxh2 53. Rxf3 Ke4 54. Rf8 Rg2 55. Re8+ Kd5 56. Re3 Kd4 57. Ra3 Ke5
58. Kxg5 Ke6 59. Rf3 Re2 60. g4 Re5+ 61. Kh6 Re1 62. g5 Rh1+ 63. Kg6 Rg1 64.
Re3+ {Time forfeit} 1-0

[Event "Rated Blitz game"]
[Site "?"]
[Date "2021.10.14"]
[Round "?"]
[White "spielen_lernen"]
[Black "ahoramahora"]
[Result "1-0"]
[WhiteElo "2431"]
[BlackElo "2432"]
[PlyCount "45"]
[EventDate "2021.??.??"]
[EventType "blitz"]

1. e4 e5 2. Nf3 d5 3. exd5 e4 4. Qe2 Nf6 5. d3 Qxd5 6. Nbd2 Nc6 7. Nxe4 Be6 8.
c4 Qa5+ 9. Bd2 Bb4 10. Nxf6+ gxf6 11. a3 O-O-O 12. Bxb4 Nxb4 13. O-O-O Nc6 14.
d4 Bg4 15. d5 Ne5 16. Qe3 Rhe8 17. Qf4 Bxf3 18. gxf3 Qc5 19. Qd4 Qxd4 20. Rxd4
Nxf3 21. Rf4 Re1+ 22. Kc2 Nxh2 23. Bh3+ {Normal} 1-0

[Event "Rated Blitz game"]
[Site "?"]
[Date "2021.10.14"]
[Round "?"]
[White "Dosik78"]
[Black "ahoramahora"]
[Result "1-0"]
[WhiteElo "2440"]
[BlackElo "2428"]
[PlyCount "35"]
[EventDate "2021.??.??"]
[EventType "blitz"]

1. e4 e5 2. Nf3 d5 3. d4 dxe4 4. Nxe5 Bd6 5. Bf4 Nf6 6. Nd2 Bf5 7. Ndc4 h6 8.
g4 Bh7 9. Bg2 O-O 10. O-O Qe7 11. g5 Nd5 12. Bd2 hxg5 13. Qh5 f6 14. Ng6 Qf7
15. Bxe4 Ne7 16. Nxe7+ Qxe7 17. Bxh7+ Kh8 18. Bg6+ {Normal} 1-0

[Event "Rated Blitz game"]
[Site "?"]
[Date "2021.10.14"]
[Round "?"]
[White "Igor_Perelygin"]
[Black "Lorian2514"]
[Result "0-1"]
[WhiteElo "2497"]
[BlackElo "2601"]
[PlyCount "62"]
[EventDate "2021.??.??"]
[EventType "blitz"]

1. e4 e5 2. Nf3 d5 3. exd5 e4 4. Ne5 Qxd5 5. d4 exd3 6. Nxd3 Bd6 7. Nc3 Qf5 8.
Be3 Nc6 9. h3 Nf6 10. g4 Qa5 11. Bg2 Be6 12. a3 Ne5 13. b4 Qa6 14. Bd4 O-O-O
15. Nf4 Bc4 16. b5 Qa5 17. g5 Rhe8 18. Nfe2 Nd5 19. O-O Ne7 20. Re1 Nf5 21.
Bxe5 Bxe5 22. Qc1 Bxc3 23. Qf4 Bxe2 24. Qxf5+ Kb8 25. Rxe2 Bxa1 26. Qf3 Qb6 27.
Rxe8 Rxe8 28. h4 Re1+ 29. Kh2 Qd6+ 30. Kh3 Qd7+ 31. Kh2 Be5+ {Normal} 0-1

[Event "Rated Blitz game"]
[Site "?"]
[Date "2021.10.14"]
[Round "?"]
[White "gmftorres1"]
[Black "khalid_ontawar"]
[Result "1-0"]
[WhiteElo "2610"]
[BlackElo "2506"]
[PlyCount "65"]
[EventDate "2021.??.??"]
[EventType "blitz"]

1. e4 e5 2. Nf3 d5 3. Nxe5 Qe7 4. d4 f6 5. Ng4 dxe4 6. Nc3 Nc6 7. Bb5 Bd7 8.
O-O O-O-O 9. Re1 f5 10. Bxc6 Bxc6 11. Ne5 Bd7 12. f3 Nf6 13. Bg5 h6 14. Ng6 Qe8
15. Bxf6 Qxg6 16. Bxd8 Kxd8 17. fxe4 Bb4 18. Qf3 Bxc3 19. bxc3 Rf8 20. e5 c6
21. c4 f4 22. h3 Qxc2 23. e6 Bxe6 24. Rxe6 Qxc4 25. Rae1 Rf7 26. a3 g5 27. d5
cxd5 28. Rd1 d4 29. Re4 Rd7 30. Qd3 Qc5 31. Rxd4 Kc7 32. Kh2 Re7 33. Rc4 {
Normal} 1-0

[Event "Rated Blitz game"]
[Site "?"]
[Date "2021.10.14"]
[Round "?"]
[White "hhperez"]
[Black "Kasteajedrez"]
[Result "1-0"]
[WhiteElo "2545"]
[BlackElo "2522"]
[PlyCount "105"]
[EventDate "2021.??.??"]
[EventType "blitz"]

1. e4 e5 2. Nf3 d5 3. Nxe5 dxe4 4. d4 Nd7 5. Ng4 f5 6. Ne3 Ngf6 7. Nxf5 c5 8.
dxc5 Bxc5 9. Bc4 Qa5+ 10. Qd2 Bb4 11. c3 Qxf5 12. cxb4 Ne5 13. Be2 Be6 14. O-O
O-O 15. Nc3 Rad8 16. Qf4 Nd3 17. Bxd3 exd3 18. Qxf5 Bxf5 19. Bd2 Rd4 20. a3 Rc4
21. f3 Rfc8 22. Rfe1 h5 23. Re5 Bg6 24. Rae1 b6 25. Kf2 h4 26. g4 hxg3+ 27.
hxg3 Rf8 28. Kg2 Bh5 29. g4 Bf7 30. R1e3 Rd8 31. Re7 a5 32. bxa5 bxa5 33. Ra7
Rb8 34. Rxd3 Rxb2 35. Rd8+ Be8 36. Ne4 Nxe4 37. Rxe8+ Kh7 38. Rxe4 Rxd2+ 39.
Kg3 Rc5 40. Ree7 Rg5 41. f4 Rd3+ 42. Kh4 Rg6 43. g5 Rxa3 44. f5 Rb6 45. Rxg7+
Kh8 46. g6 Rb8 47. Rgb7 Rxb7 48. Rxb7 Rf3 49. Kg5 a4 50. Kf6 Rxf5+ 51. Kxf5 a3
52. Kf6 a2 53. Rb8# {Normal} 1-0

[Event "Rated Blitz game"]
[Site "?"]
[Date "2021.10.14"]
[Round "?"]
[White "rofaidah"]
[Black "ahoramahora"]
[Result "0-1"]
[WhiteElo "2469"]
[BlackElo "2428"]
[PlyCount "96"]
[EventDate "2021.??.??"]
[EventType "blitz"]

1. e4 e5 2. Nf3 d5 3. Nc3 d4 4. Ne2 Bd6 5. d3 c5 6. c3 Nc6 7. cxd4 Nxd4 8. Bd2
Bg4 9. Nexd4 cxd4 10. Be2 Nf6 11. Nxd4 Bxe2 12. Nxe2 O-O 13. O-O h6 14. Bc3 Re8
15. Ng3 Bc5 16. Nf5 Qd7 17. Qf3 Qe6 18. Rad1 Rad8 19. Rfe1 Rd7 20. d4 exd4 21.
Bxd4 Bxd4 22. Nxd4 Qxa2 23. Nf5 Rxd1 24. Rxd1 Nxe4 25. Qg4 Qxb2 26. Nxh6+ Kh7
27. Nf5 Qxf2+ 28. Kh1 Qb2 29. Qh4+ Kg8 30. Kg1 Qb6+ 31. Kf1 Qb5+ 32. Kg1 Qxf5
33. Re1 g6 34. h3 Kg7 35. Rf1 Qc5+ 36. Kh1 Qe5 37. Kg1 Rh8 38. Qg4 f5 39. Qd1
Rf8 40. Qb3 Rf7 41. Rd1 Qf6 42. Qa2 Qb6+ 43. Kh1 Nf2+ 44. Kh2 Nxd1 45. Qa1+ Qf6
46. Qxd1 Qe5+ 47. Kh1 f4 48. Qf3 Re7 {Normal} 0-1

[Event "Rated Blitz game"]
[Site "?"]
[Date "2021.10.14"]
[Round "?"]
[White "PhantomKinder"]
[Black "barry-allen"]
[Result "1-0"]
[WhiteElo "2431"]
[BlackElo "2419"]
[PlyCount "85"]
[EventDate "2021.??.??"]
[EventType "blitz"]

1. e4 e5 2. Nf3 d5 3. exd5 e4 4. Qe2 Nf6 5. d3 Qxd5 6. Nbd2 Qa5 7. c3 Be7 8.
Nxe4 O-O 9. g3 Nc6 10. Bg2 Bg4 11. h3 Bh5 12. g4 Bg6 13. O-O Rfe8 14. b4 Qa4
15. Bb2 Rad8 16. Rfd1 a5 17. b5 Qxb5 18. a4 Qd5 19. c4 Qd7 20. Bxf6 Bxe4 21.
Bxe7 Bxf3 22. Qxf3 Nd4 23. Qxb7 Qxe7 24. Re1 Qf6 25. Qxc7 h5 26. Qxa5 hxg4 27.
hxg4 Qf4 28. Rxe8+ Rxe8 29. Qd5 Qxg4 30. a5 Ne2+ 31. Kf1 Nf4 32. Qf3 Qg5 33. a6
Qe5 34. Rb1 Nxg2 35. Kxg2 Qg5+ 36. Qg3 Qc5 37. Rb8 Qc6+ 38. Kh2 g6 39. Rxe8+
Qxe8 40. a7 Kg7 41. Qe3 Qh8+ 42. Kg2 Qa8+ 43. f3 {Time forfeit} 1-0

[Event "Rated Blitz game"]
[Site "?"]
[Date "2021.10.14"]
[Round "?"]
[White "CiuckowoWarszawa"]
[Black "RCompany_1"]
[Result "1/2-1/2"]
[WhiteElo "2635"]
[BlackElo "2503"]
[PlyCount "45"]
[EventDate "2021.??.??"]
[EventType "blitz"]

1. e4 e5 2. Nf3 d5 3. Nxe5 Bd6 4. d4 dxe4 5. Qh5 Qe7 6. Bc4 Bxe5 7. Qxe5 Qxe5
8. dxe5 Nc6 9. Bd5 Nxe5 10. Bxe4 Nf6 11. Nc3 Nxe4 12. Nxe4 Bf5 13. Ng3 Bxc2 14.
O-O O-O-O 15. Bf4 Ng6 16. Bxc7 Kxc7 17. Rac1 Rd2 18. Ne4 Re2 19. Nc3 Rd2 20.
Nb1 Re2 21. Nc3 Rd2 22. Nb1 Re2 23. Nc3 {Normal} 1/2-1/2

[Event "Rated Blitz tournament dqKbgYbe"]
[Site "?"]
[Date "2021.10.14"]
[Round "?"]
[White "fighter357"]
[Black "geptil"]
[Result "1-0"]
[WhiteElo "2231"]
[BlackElo "2435"]
[PlyCount "45"]
[EventDate "2021.??.??"]
[EventType "blitz"]

1. e4 e5 2. Nf3 d5 3. Nxe5 Bd6 4. d4 dxe4 5. Bf4 Nf6 6. Nc3 O-O 7. Qd2 Nbd7 8.
O-O-O Qe7 9. Nc4 Nb6 10. Nxd6 cxd6 11. d5 Bg4 12. Be2 Bf5 13. h3 Rfc8 14. g4
Bg6 15. h4 h5 16. Bg5 Qe5 17. Bxf6 Qxf6 18. gxh5 Bh7 19. Rhg1 Kh8 20. Rg5 Qxf2
21. Rdg1 Nc4 22. Bxc4 Rxc4 23. Qxf2 {Normal} 1-0

[Event "Rated Blitz tournament WhTiB6BB"]
[Site "?"]
[Date "2021.10.14"]
[Round "?"]
[White "ChessMood_Star"]
[Black "Maltinho"]
[Result "0-1"]
[WhiteElo "2537"]
[BlackElo "2559"]
[PlyCount "60"]
[EventDate "2021.??.??"]
[EventType "blitz"]

1. e4 e5 2. Nf3 d5 3. d4 dxe4 4. Nxe5 Bd6 5. Bf4 Nf6 6. Nc3 O-O 7. Bc4 Nc6 8.
O-O Bf5 9. Nxc6 bxc6 10. Be3 Rb8 11. Ne2 Rxb2 12. Ng3 Bg6 13. Bb3 h5 14. h3 h4
15. Ne2 Nd5 16. Bc1 Rxb3 17. axb3 f5 18. c4 Nb4 19. Nf4 Bxf4 20. Bxf4 Nd3 21.
Qd2 Qxd4 22. Kh2 Bh5 23. f3 Rf6 24. fxe4 fxe4 25. Be3 Qe5+ 26. Kh1 Rg6 27. Rxa7
Qg3 28. Ra8+ Kh7 29. Bd4 Bf3 30. Rg1 Qxh3# {Normal} 0-1

[Event "Rated Blitz game"]
[Site "?"]
[Date "2021.10.14"]
[Round "?"]
[White "JustAProdigy"]
[Black "RCompany_1"]
[Result "1-0"]
[WhiteElo "2657"]
[BlackElo "2489"]
[PlyCount "83"]
[EventDate "2021.??.??"]
[EventType "blitz"]

1. e4 e5 2. Nf3 d5 3. exd5 e4 4. Qe2 Nf6 5. Nc3 Be7 6. Nxe4 Nxd5 7. d4 O-O 8.
Qd1 Re8 9. Bd3 Bb4+ 10. c3 f5 11. Bg5 Be7 12. Bxe7 Qxe7 13. Qb3 c6 14. O-O fxe4
15. Rae1 Bf5 16. Bc4 Na6 17. Bxd5+ cxd5 18. Qxd5+ Qf7 19. Qxf7+ Kxf7 20. Ne5+
Kg8 21. f4 exf3 22. Rxf3 Be6 23. c4 Rad8 24. d5 Bc8 25. Rfe3 Nc5 26. b4 Nd7 27.
Nxd7 Rxe3 28. Nf6+ gxf6 29. Rxe3 Kf7 30. Ra3 a6 31. Kf2 Ke7 32. Re3+ Kd6 33. a4
Bd7 34. a5 Rc8 35. Re4 f5 36. Rh4 Rh8 37. Ke3 Ke5 38. g3 h5 39. Kd3 Ba4 40. Kc3
Bd1 41. Rd4 Rd8 42. Rxd1 {Normal} 1-0